Cette année-là: 1821 - Statistiques

Statistiques générales
  • Ce quiz a été pris 31 fois
  • Le résultat moyen est 3 sur 10
Statistiques - réponses
indice réponse % Correct
5 mai: Je meurs à Sainte-Hélène Napoléon Bonaparte
100%
25 mai: Je suis rappelé comme chancelier de l'Empire d'Autriche Metternich
50%
28 septembre: Le dernier vice-roi de Nouvelle Espagne signe l'indépendance de ce pays Mexique
50%
12 mai: Le congrès de Laybach permet l'intervention autrichienne dans ce royaume italien. Royaume des Deux-Siciles (Naples)
50%
25 mars: Début d'une révolte qui mènera en 1829 à l'indépendance de ce pays Grèce
25%
22 février: Cette prestigieuse école d'histoire est fondée Ecole royale des chartes
18%
14 décembre: Ce ministre des finances conduit le premier ministère ultra de la Restauration Joseph de Villèle
14%
Décembre: Inspirée par les sociétés secrètes italiennes, ce mouvement lance des insurrections en province. Charbonnerie
7%
28 juin: Ambassadeur de Russie, j'adresse un ultimatum à l'Empire Ottoman pour lui demander d'arrêter les massacres (indice boeuf...) Grigori Stroganov
7%
Avec mon collègue Ampère, j'invente l'électro-aimant François Arago
4%
Aucun quiz correspondant
Distribution des résultats
% des personnes avec chaque résultat
Percentile par nombre de réponses
Votre historique - résultats
Vous n’avez pas pris ce quiz